Лінгвістичні особливості маніпулятивного впливу у жіночих англомовних журналах (Запис № 284981)

МАРК-запис
000 -LEADER
fixed length control field 01634nam a22001577a 4500
041 ## - LANGUAGE CODE
Language code of text/sound track or separate title ukr
080 ## - UNIVERSAL DECIMAL CLASSIFICATION NUMBER
Universal Decimal Classification number 09
090 ## - LOCALLY ASSIGNED LC-TYPE CALL NUMBER (OCLC); LOCAL CALL NUMBER (OCLC)
Local cutter number (OCLC) ; Book number/undivided call number, CALL (RLIN) ХАР
100 ## - MAIN ENTRY--PERSONAL NAME
Personal name Харченко Л. А.
245 ## - TITLE STATEMENT
Title Лінгвістичні особливості маніпулятивного впливу у жіночих англомовних журналах
260 ## - PUBLICATION, DISTRIBUTION, ETC. (IMPRINT)
Place of publication, distribution, etc Острог
Name of publisher, distributor, etc КАФ
Date of publication, distribution, etc 2012
300 ## - PHYSICAL DESCRIPTION
Extent 73
520 ## - SUMMARY, ETC.
Summary, etc ВСТУП<br/>РОЗДІЛ 1 ЯВИЩЕ "МАНІПУЛЯЦІЇ" У МЕДІАТЕКСТАХ<br/>1.1 Особливості медіатексту<br/>1.2 Явище "мовної маніпуляції" у медіатекстах<br/>1.3 Маніпулятивні стратегії і тактики<br/>1.4 Маніпулятивні методи у медіатектсті<br/>РОЗДІЛ 2 МОВНА СПЕЦИФІКА ЖУРНАЛІВ ДЛЯ ЖІНОК<br/>2.1 Лінгвістичні засоби маніпуляції у медіатекстах<br/>2.2 Типоутворювальні ознаки жіночих журналів<br/>2.3 Гендерні маркери в текстах англомовних жіночих журналів<br/>РОЗДІЛ 3 ВИЯВЛЕННЯ ЛІНГВІСТИЧНИХ МАНІПУЛЯТИВНИХ ПРИЙОМІВ У СТАТТЯХ АНГЛОМОВНИХ ЖІНОЧИХ ЖУРНАЛІВ<br/>3.1 Фреймовий аналіз як метод дослідження<br/>3.2 Аналіз статей англомовних жіночих журналів: Marie Claire, BRITE, Oprah Magazine, Cosmopolitan<br/>ВИСНОВКИ
-- маніпуляція, медіатекст
650 ## - SUBJECT ADDED ENTRY--TOPICAL TERM
Topical term or geographic name as entry element Research Papers
942 ## - ADDED ENTRY ELEMENTS (KOHA)
Koha item type Книги
Фонди
Withdrawn status Lost status Source of classification or shelving scheme Damaged status Not for loan Home library Current library Date acquired Source of acquisition Cost, normal purchase price Total Checkouts Total Renewals Full call number Barcode Date last seen Date checked out Price effective from Koha item type
    Universal Decimal Classification     ВІЛ - Відділ іноземн. літератури НБ ВІЛ - Відділ іноземн. літератури НБ 09/10/2020 Акт №5 1.00 2 2 09 215005 10/11/2021 01/09/2021 18/09/2012 Книги